| 000 | 01480nas1a22002891i 4500 | ||
|---|---|---|---|
| 001 | RU\NLR\Per\487267 | ||
| 005 | 20260407043242.0 | ||
| 035 | _a(NLR Aleph) 002664997 | ||
| 090 |
_a3993483 _c3993483 |
||
| 100 | _a20070328a20049999|||y0rusy50 ca | ||
| 101 | 0 | _arus | |
| 102 | _aRU | ||
| 110 | _azu||||||||| | ||
| 200 | 1 |
_aТрансформационные процессы: опыт России и Германии _eнаучные труды РНВШУ АНХ _fАкад. нар. хоз-ва при Правительстве Рос. Федерации, Рос.-нем. высш. шк. упр. |
|
| 210 |
_aМосква _cПроспект _d2004 - |
||
| 606 | 1 |
_aТранзитивная экономика _jПериодические издания _yРоссийская Федерация _92120430 _3RU\NLR\AUTH\661280483 |
|
| 606 | 1 |
_aТранзитивная экономика _jПериодические издания _yФедеративная Республика Германия _92172677 _3RU\NLR\AUTH\661306868 |
|
| 686 | 1 | _aУ9(2)-17(2Р)я54 | |
| 686 | 1 | _aУ9(4Гер)-17я54 | |
| 711 | 0 | 2 |
_aАкадемия народного хозяйства _cМосква _bРоссийско-немецкая высшая школа управления _3RU\NLR\AUTH\8810015668 _9529197 |
| 801 | 2 |
_aRU _bNLR _c20070328 _2rusmarc |
|
| 801 | 0 |
_aRU _bNLR _gPSBO |
|
| 801 | 1 |
_aRU _bNLR _c20070328 _2rusmarc |
|
| 852 |
_aNLR _jП22/8384 |
||
| 942 | _cSE | ||
| 980 | _aRUSPER | ||